Open Data Biblioteca Nacional de Portugal


República Portuguesa: Ministério da Cultura
Biblioteca Nacional de Portugal

Catálogo da BNP: acesso por Identificadores Unívocos
Registos Bibliográficos associados ao registo de autoridade

Etiqueta de registo: 00254nam 2200025 450
001 2286747
003 http://id.bnportugal.gov.pt/bib/catbnp/2286747
100 ## $a20260522d1659 m y0pory01030103ba
101 0# $afre
102 ## $aDX$aNL
105 ## $ay z 000yy
106 ## $ar
200 1# $a Les Prouinciales ou Les lettres escrites par Louis de Montalte, a vn prouincial de ses amis, et aux RR. PP. Jesuites$eauec La Theologie Morale des dits Peres & Nouveaux Casuistes: representée par leur prattique, & par leurs livres: diuisée en cinq parties
210 #9 $aA Cologne$cchez Nicolas Schoute,$d1659
215 ## $a[14], 320, [4], 328, 493, [1] p.$d8º (17 cm)
304 ## $aLouis de Montalte é pseud. de Blaise Pascal
305 ## $aSegundo bibliogr., foi impresso em Leiden por Jean Elzevier
307 ## $aAssin.: *//8, A-V//8, ª//2, A-Y//8, Z//4, a-h//8
314 ## $aEd. literária de Louis de Saint-Amour (cf. bibliogr.)
316 ## $aExemplar enc. em 2 vols, um com Les Provinciales (R. 1884 P.), outro com La theologie morale des Jesuites (R. 1885 P.)$5PTBN: R. 1884-1885 P.
321 ## $aBnF FRBNF31062556 ; FRBNF44465455
327 11 $aCom f. de rosto e pagin. próprias: La theologie morale des Jesuites, et nouveaux casuistes: representée par leur prattique, & par leurs livres... - A Cologne : chez Nicolas Schoute, 1659. - [4], 328, 493, [1] p.
517 1# $a La theologie morale des Jésuites
518 1# $a Les Provinciales, ou Lettres écrites par Louis de Montalte a un provincial de ses amis
620 ## $dColónia
620 ## $dLeiden
700 #0 $aPascal,$f1623-1662$356221
702 #1 $aNicole,$bPierre,$f1625-1695$4080$3646264
702 #1 $aSaint-Amour,$bLouis de,$f1619-1687$4340$31999117
702 #1 $aSchouten,$bNicolaes,$ffl. 1658-1704$4610$31651782
702 #1 $aElzevier,$bJean,$f1622-1661$4610$3145373
801 #0 $aPT$bBN$gRPC
856 40 $2Cópia digital disponível em Google Books$uhttps://books.google.pt/books?id=x4Ndw_DOXlUC&hl=pt-PT&pg=PP5#v=onepage&q&f=false
966 ## $dLes Provinciales$lBN$mFGMON$sR. 1884 P.
966 ## $dLa theologie morale$lBN$mFGMON$sR. 1885 P.
971 ## $cpmesqui$d20260522
997 ## $aBIBEOD

OpendataBNP@bnportugal.pt | Mais informação sobre acesso aos dados BNP